Logo BPK

Biblioteka

Politechniki Koszalińskiej

Podręczny słownik polsko-francuski / (Rekord nr 8398)

Szczegóły MARC
000 -ETYKIETA REKORDU
podpole kontrolne o stałej długości 00991nam a2200277 i 4500
001 - NUMER KONTROLNY REKORDU
pole kontrolne 8398
003 - IDENTYFIKATOR NUMERU KONTROLNEGO REKORDU
podpole kontrolne KOSZ 005
005 - DATA OSTATNIEJ MODYFIKACJI REKORDU
podpole kontrolne 20220715093251.0
008 - POLE O STAŁEJ DŁUGOŚCI - DANE KONTROLNE
podpole kontrolne o stałej długości 990506s1969 pl d |000 0 fre
015 ## - NUMER BIBLIOGRAFII NARODOWEJ
Numer bibliografii narodowej PB 1969/8204
035 ## - NUMER SYSTEMOWY
Numer systemowy przejętego rekordu (OCoLC)749511935
040 ## - ŹRÓDŁO KATALOGOWANIA
Instytucja, która sporządziła opis WA N
Instytucja, która utworzyła rekord WA N
Instytucja, która dokonała modyfikacji KOSZ 005/HR
041 0# - KOD JĘZYKA
Kod języka tekstu fre
-- pol
100 1# - NAZWA OSOBOWA
Nazwa osobowa Kupisz, Kazimierz
Daty związane z nazwą (1921-2003).
Określenie rodzaju współpracy Autor
245 10 - TYTUŁ/ODPOWIEDZIALNOŚĆ
Tytuł Podręczny słownik polsko-francuski /
Pozostałe elementy strefy tytułu i oznaczenia odpowiedzialności Kazimierz Kupisz, Bolesław Kielski.
246 15 - WARIANT TYTUŁU
Tytuł Dictionaire pratique polonais-français.
260 ## - STREFA ADRESU WYDAWNICZEGO
Miejsce wydania Warszawa :
Nazwa wydawcy/dystrybutora Wiedza Powszechna,
Data publikacji, dystrybucji/powstania dokumentu 1969.
300 ## - STREFA OPISU FIZYCZNEGO
Objętość XV, [1], 1075, [1] s. ;
Rozmiary 19 cm.
380 ## - FORMA I TYP PUBLIKACJI
Forma i typ publikacji Książki
658 ## - TERMIN INDEKSOWY - PRZEDMIOT PROGRAMU NAUCZANIA
Główny przedmiot programu nauczania Językoznawstwo
655 #4 - TERMIN INDEKSOWY - OKREŚLENIE RODZAJU/FORMY DOKUMENTU
Określenie rodzaju/formy dokumentu Słownik polsko-francuski
700 1# - HASŁO DODATKOWE - NAZWA OSOBOWA
Nazwa osobowa Kielski, Bolesław
Daty związane z nazwą (1879-1965).
Określenie związku między hasłem a opisywanym materiałem Autor
710 2# - HASŁO DODATKOWE - NAZWA CIAŁA ZBIOROWEGO
Nazwa ciała zbiorowego lub jednostki geograficznej Państwowe Wydawnictwo Wiedza Powszechna
Kod określenia powiązania pbl.
856 ## - LOKALIZACJA I DOSTĘP DO ELEKTRONICZNYCH DOKUMENTÓW ZDALNYCH
Link (URL) http://koha.tu.koszalin.pl/cgi-bin/koha/opac-detail.pl?biblionumber=8398
Tekst linku Katalog online BPK
942 ## - DODATKOWE ELEMENTY (KOHA)
Schemat klasyfikacji Uniwersalna Klasyfikacja Dziesiętna
Typ dokumentu Książka
Egzemplarze
Wycofany Status egzemplarza Uszkodzony Dostępność Lokalizacja stała Lokalizacja bieżąca Miejsce przechowywania Sygnatura Kod kreskowy Typ dokumentu
      Dostępny Biblioteka Politechniki Koszalińskiej Biblioteka Politechniki Koszalińskiej Wypożyczalnia BG 5062 02187006 Książka
© 2023 Biblioteka Politechniki Koszalińskiej :: KOHA